000 05858nam a22004457a 4500
005 20090725121924.0
010 _aHIN-87511
020 _a9788128812446
_c125.00
035 _aHN-59857
035 _aB-365938-952
037 _bDBAD / PUB
037 _bडायमंड पॉकेट बुक्स/ PUB
082 _a181.45
100 _aगांधी, मोहनदास करमचंद
_97928
245 _aगीता माताः
_cमोहनदास करमचंद गांधी
_bश्रीमद्भागवद्गीता का मूल संस्कृत पाठ, तात्पर्य हिंदी टीका, सरल और भक्ति-प्रधान श्लाकों का संग्रह, गीता-पदार्थ-कोश तथा गीता-संबंधी लेख / /
246 _aGita maataa
_bby Mohandas Karamchand Gandhi
260 _aनई दिल्ली
_bडयमंड पॉकेट बुक्स
_c2009
270 _aएक्स-30, ओखला इंडस्ट्रियल एरिया, फेज-2
_bनई दिल्ली
_e110020
_k011-41611861, 40712100
_l011-41611866
_msales@dpb.in
300 _a319पृ.
_c22सेमी (अजिल्द)
650 _aभगवद्गीता
_xसमालोचना, व्याख्या, आदि
_97929
650 _aBhagavadgita
_xCriticism, interpretation, etc
_97930
942 _2ddc
_cHN
_mगांधीमो
_h181.45
999 _c28661
_d28661